| 000 -LEADER |
| fixed length control field |
01160pam a2200349 a 4500 |
| 001 - CONTROL NUMBER |
| control field |
6183389 |
| 003 - CONTROL NUMBER IDENTIFIER |
| control field |
Nust- CAS-E |
| 005 - DATE AND TIME OF LATEST TRANSACTION |
| control field |
20180118181410.0 |
| 008 - FIXED-LENGTH DATA ELEMENTS--GENERAL INFORMATION |
| fixed length control field |
061003s2007 gw a b 001 0 eng d |
| 015 ## - NATIONAL BIBLIOGRAPHY NUMBER |
| National bibliography number |
GBA686487 |
| Source |
bnb |
| 020 ## - INTERNATIONAL STANDARD BOOK NUMBER |
| International Standard Book Number |
9783527406814 (pbk.) |
| 020 ## - INTERNATIONAL STANDARD BOOK NUMBER |
| International Standard Book Number |
3527406816 (pbk.) |
| 035 ## - SYSTEM CONTROL NUMBER |
| System control number |
(OCoLC)ocm85897359 |
| 035 ## - SYSTEM CONTROL NUMBER |
| System control number |
(NNC)6183389 |
| 040 ## - CATALOGING SOURCE |
| Original cataloging agency |
UKM |
| Transcribing agency |
UKM |
| Modifying agency |
OHX |
| -- |
BAKER |
| -- |
NNC |
| 042 ## - AUTHENTICATION CODE |
| Authentication code |
ukblsr |
| 082 04 - DEWEY DECIMAL CLASSIFICATION NUMBER |
| Classification number |
530.44 |
| Edition number |
22 |
| Author Mark |
SMI-P 2007 |
| 100 1# - MAIN ENTRY--PERSONAL NAME |
| Personal name |
Smirnov, B. M. |
| Fuller form of name |
(Boris Mikhaĭlovich), |
| Dates associated with a name |
1938- |
| 245 10 - TITLE STATEMENT |
| Title |
Plasma processes and plasma kinetics : |
| Remainder of title |
586 worked out problems for science and technology / |
| Statement of responsibility, etc. |
Boris M. Smirnov. |
| 260 ## - PUBLICATION, DISTRIBUTION, ETC. |
| Place of publication, distribution, etc. |
Weinheim : |
| Name of publisher, distributor, etc. |
Wiley-VCH Verlag, |
| Date of publication, distribution, etc. |
c2007. |
| 300 ## - PHYSICAL DESCRIPTION |
| Extent |
ix, 572 p. : |
| Other physical details |
ill. ; |
| Dimensions |
24 cm. |
| 490 1# - SERIES STATEMENT |
| Series statement |
Physics textbook |
| 502 ## - DISSERTATION NOTE |
| Dissertation note |
0 |
| 504 ## - BIBLIOGRAPHY, ETC. NOTE |
| Bibliography, etc. note |
Includes bibliographical references and index. |
| 650 #0 - SUBJECT ADDED ENTRY--TOPICAL TERM |
| Topical term or geographic name entry element |
Plasma engineering |
| Form subdivision |
Problems, exercises, etc. |
| 650 #0 - SUBJECT ADDED ENTRY--TOPICAL TERM |
| Topical term or geographic name entry element |
Plasma (Ionized gases) |
| Form subdivision |
Problems, exercises, etc. |
| 650 #0 - SUBJECT ADDED ENTRY--TOPICAL TERM |
| Topical term or geographic name entry element |
Plasma dynamics |
| Form subdivision |
Problems, exercises, etc. |
| 830 #0 - SERIES ADDED ENTRY--UNIFORM TITLE |
| Uniform title |
Physics textbook. |
| 942 ## - ADDED ENTRY ELEMENTS (KOHA) |
| Source of classification or shelving scheme |
|
| Koha item type |
Book |
| 948 1# - LOCAL PROCESSING INFORMATION (OCLC); SERIES PART DESIGNATOR (RLIN) |
| Series part designator, SPT (RLIN) |
20070514 |
| b (OCLC) |
c |
| c (OCLC) |
rf4 |
| d (OCLC) |
MPS |